| 000 | 00382nam a22001577a 4500 | ||
|---|---|---|---|
| 005 | 20190528124116.0 | ||
| 008 | 190528b xxu||||| |||| 00| 0 eng d | ||
| 020 | _a978-93-86084-76-7 | ||
| 041 | _aeng | ||
| 100 |
_aGUPTA, DR, G.D. AND OTHERS _94990 |
||
| 245 | _aPHARMACEUTICS - I | ||
| 250 | _a5th ED. , 2019 | ||
| 260 |
_aPUNE _bNIRALI PRAKASHAN |
||
| 300 | _a68p, | ||
| 942 | _cBK | ||
| 999 |
_c5883 _d5881 |
||